Responses for Show #4532 - Tuesday, April 27, 2004

Contestants

[<< previous game]

Sarah Wagner, an editor from Indianapolis, Indiana

Frank Dempsey, a government attorney from Bagdad, Kentucky

Doug Grenier, a mathematics professor from Broken Arrow, Oklahoma (whose 1-day cash winnings total $27,400)

[next game >>]

Jeopardy! Round responses

GOBS OF GODS
(Alex: That sounds weird, doesn't it?)
CELEBRITY MARRIAGES
WINE FOR DUMMIES
BAD BOYS, BAD BOYS
WHATCHA GONNA DO?
"COP"s
    $200 6
Nike

Frank
    $200 8
Dennis Rodman

Sarah
    $200 16
(Sarah: What is white?)

red

DougSarah
    $200 18
Jack the Ripper

Doug
    $200 26
(Alex: Less than a minute now.)

Teletubbies

Frank
    $200 1
Francis Ford Coppola

Frank
    $400 7
thunder

Doug
    $400 9
Mia Farrow

Sarah
    $400 17
Zinfandel

Sarah
    $400 20
Mussolini

Sarah
    $400 27
War and Peace

Doug
    $400 2
Copernicus

Doug
    $600 13
(Doug: Who is Poseidon?)
(Frank: Who is Neptune?)

Oceanus

DougFrank
Triple Stumper
    $1,000 10
(Sarah: Who is...I don't know...Jenna Elfman?)

Bridget Fonda

Sarah
    $600 19
Australia

Sarah
    $600 21
Cortez

Doug
    $600 28
James Cameron

Sarah
    $600 3
copyright

Doug
    $800 14
Pele

Triple Stumper
    $800 11
Debbie Reynolds

Sarah
    $800 22
Rothschild

Doug
    $800 24
Torquemada

Doug
    $800 29
The Onion

Frank
    $800 4
copperhead

Doug
    $1000 15
Thor

Frank
    $1000 12
Ruth Gordon

Frank
    $1000 23
Cold Duck

Doug
    $1000 25
Gary Gilmore

Frank
    $1000 30
bagpipes

Sarah
    $1000 5
copra

Frank

Scores at the first commercial break (after clue 15):

Doug Frank Sarah
$1,600 $2,800 $400

Scores at the end of the Jeopardy! Round:

Doug Frank Sarah
$5,600 $4,800 $3,200

Double Jeopardy! Round responses

PREHISTORIC TIMES
(Alex: That sounds like a good place to start!)
USTA
(Alex: The United States Tennis Association.)
BALLET
HOUSEPLANTS
WRITERS' MIDDLE NAMES
RHYMES WITH A PLANET
    $400 21
trilobites

Doug
    $400 3
Andy Roddick

Doug
    $400 26
a butterfly

Sarah
    $400 11
cacti

Sarah
    $400 16
Thornton

Doug
    $400 1
pattern

Sarah
    $800 22
ice ages

Sarah
    $800 4
juniors

Sarah
    $800 27
Nureyev

Doug
    $800 12
re-pot

Frank
    $800 17
Anne

Sarah
    $800 2
cars

Doug
    $1200 23
(Doug: What is iron?)

bronze

DougFrank
    $1200 5
(Alex: Didn't look happy.)

Moody

Doug
    $1200 28
Capezio

Sarah
    $1200 13
(Sarah: What are rocks?)

stones

FrankSarah
    $2,000 18
J.R.R. Tolkien

Sarah
    $1200 8
berth

Doug
    $1600 24
(Frank: What is Neanderthal?)

Cro-Magnon

FrankSarah
    $1600 6
clay

Sarah
    $1600 29
Rodeo

Doug
    $2,000 14
philodendron

Frank
    $1600 19
Carlos

Frank
    $1600 9
pep tune

Triple Stumper
    $2000 25
(Alex: With a minute to go now.)

Homo habilis

Frank
    $2000 7
Guillermo Vilas

Doug
    $2000 30
the New York City Ballet

Triple Stumper
    $2000 15
bromeliads

Frank
    $2000 20
Dorothy Sayers

Triple Stumper
    $2000 10
(Alex: Rhymes with Pluto.)

prosciutto

Frank

Scores at the end of the Double Jeopardy! Round:

Doug Frank Sarah
$13,200 $16,000 $12,000

[wagering suggestions for these scores]

Final Jeopardy! Round responses

STATE CAPITALS
(Alex: The "Mile High City".)
SarahWhat is Denver?
$11,999
DougWhat is Denver?
$12,000
FrankWhat is Denver?
$13,100
Denver, Colorado

Final scores:

Doug Frank Sarah
$25,200 $29,100 $23,999
2nd place: $2,000 New champion: $29,100 3rd place: $1,000

Game dynamics:

Coryat scores:

Doug Frank Sarah
$13,200 $15,600 $12,200
20 R,
2 W
16 R
(including 1 DD),
2 W
18 R
(including 1 DD),
3 W
(including 1 DD)

Combined Coryat: $41,000

[game clues] [game scores] [suggest correction]

Game tape date: 2004-02-04
The J! Archive is created by fans, for fans. Scraping, republication, monetization, and malicious use prohibited; this site may use cookies and collect identifying information. See terms. The Jeopardy! game show and all elements thereof, including but not limited to copyright and trademark thereto, are the property of Jeopardy Productions, Inc. and are protected under law. This website is not affiliated with, sponsored by, or operated by Jeopardy Productions, Inc. Join the discussion at JBoard.tv.